Koncepčný návrh autosedačky pre deti so zdravotným postihnutím

Salvato in:
Dettagli Bibliografici
Autore principale: Gergeľ, Tomáš (Autore)
Altri autori: Gulanová, Jana (Relatore della tesi)
Natura: Manoscritto Libro
Lingua:slovacco
Pubblicazione: 2018
Soggetti:
Accesso online:http://is.stuba.sk/zp/portal_zp.pl?podrobnosti=137762
Tags: Aggiungi Tag
Nessun Tag, puoi essere il primo ad aggiungerne!!

MARC

LEADER 00000ntm a22000003a 4500
001 stuzp69328
003 SK-STU
005 20180820161244.5
007 ta
008 150427s2015----xo-----f-mn---000-0-slo-d
040 |a STU  |b slo 
041 0 |a slo 
100 1 |a Gergeľ, Tomáš  |u 020030  |4 aut  |U SjF Strojnícka fakulta  |T SjF Ústav dopravnej techniky a konštruovania  |X 54680  |U J0030  |Y 806  |7 54680 
242 0 1 |a Conceptual design of a car seat for children with disabilities  |y eng 
245 1 0 |a Koncepčný návrh autosedačky pre deti so zdravotným postihnutím 
260 |c 2018 
650 4 |a detská autosedačka  |2 slo 
650 4 |a ISOFIX  |2 slo 
650 4 |a bezpečnostný pás  |2 slo 
650 4 |a zdravotné postihnutie  |2 slo 
650 4 |a hlavová opierka  |2 slo 
650 4 |a sedadlo  |2 slo 
650 4 |a headrest  |2 eng 
650 4 |a seat belt  |2 eng 
650 4 |a ISOFIX  |2 eng 
650 4 |a seat  |2 eng 
650 4 |a child seat  |2 eng 
650 4 |a handicap  |2 eng 
700 1 |a Gulanová, Jana  |u 020030  |k Z1  |4 ths  |U SjF Strojnícka fakulta  |T SjF Ústav dopravnej techniky a konštruovania  |X 48878  |U J0030  |Y 806  |7 A000048878 
856 4 |u http://is.stuba.sk/zp/portal_zp.pl?podrobnosti=137762 
996 |b 284J045592  |c J* 2942/DDP  |l JJSK  |s A  |a 24  |w stuzp69328_0001